| 000 | 00653nam a22002057a 4500 | ||
|---|---|---|---|
| 999 |
_c11444 _d11444 |
||
| 003 | AR-CdUCM | ||
| 008 | 190404b ||||| |||| 00| 0 spa d | ||
| 020 | _a2-03-0205-41 | ||
| 040 |
_aMUNICIPALIDAD PROVINCIAL DEL CUSCO _cBIBLIOTECA MUNICIPAL DEL CUSCO |
||
| 082 |
_aEP / 463 / _bP38 |
||
| 100 |
_aGarcia Pelayo, Ramon y Cross _928811 |
||
| 245 | _aPequeño Larousse ilustrado / | ||
| 260 |
_aBuenos Aires : _bLarousse, _c1964. |
||
| 300 |
_a1964 paginas ; _bIlustraciones, _c21 cm. |
||
| 505 | _aContenido : Diccionario ilustrado / | ||
| 650 |
_aEducación primaria _91561 |
||
| 650 |
_aDiccionario _95196 |
||
| 942 |
_2ddc _cLIBROS |
||
| 945 | _arjall | ||